Introducción al álgebra

Na minha lista:
Detalhes bibliográficos
Autor principal: Lewin, Renato Lewin Riquelme de la Barrera, Renato (Author)
Formato: Livro
Idioma:espanhol
Publicado em: Santiago J. C. Sáez 2011
Edição:1a. ed
Colecção:Herramientas para la Formación de Profesores de Matemáticas, 3
Assuntos:
Tags: Adicionar Tag
Sem tags, seja o primeiro a adicionar uma tag!

MARC

LEADER 00000cam a2200000 a 4500
001 UCG7547
003 CL-VaPUC
005 20240405084116.0
008 110812e20110000CL |||||||||||||||||spa|d
999 |c 345413  |d 345411 
020 |a 9789563060621 
040 |c Pontificia Universidad Católica de Valparaíso 
082 0 4 |a 512  |b LEW  |2 21 
100 |a Lewin, Renato  |e author  |q Lewin Riquelme de la Barrera, Renato  |9 565621 
245 1 0 |a Introducción al álgebra 
250 |a 1a. ed 
260 |a Santiago  |b J. C. Sáez  |c 2011 
300 |a 149 p 
490 0 |a Herramientas para la Formación de Profesores de Matemáticas, 3 
583 |a last modification  |c 20121108 09:48:24  |k Rodrigo Vera 
650 0 |a Álgebra  |9 259567 
942 |c BK  |2 ddc 
945 |d 20110812 00:00:00  |a dcastane 
952 |0 0  |1 0  |4 0  |6 512_000000000000000_LEW_2011  |7 0  |8 A  |9 444115  |a BIBMAT  |b BIBMAT  |c E_DIDACT  |d 2019-11-22  |i 4788834  |l 1  |o 512 LEW 2011  |p 4788834  |r 2025-01-07  |s 2023-11-23  |w 2019-11-22  |y BK  |k MAT 
952 |0 0  |1 0  |4 0  |6 512_000000000000000_LEW_2011  |7 0  |8 A  |9 444116  |a BIBMAT  |b BIBMAT  |c E_DIDACT  |d 2019-11-22  |i 4922689  |l 2  |o 512 LEW 2011  |p 4922689  |r 2025-01-07  |s 2023-11-17  |w 2019-11-22  |y BK  |k MAT 
952 |0 0  |1 0  |4 0  |6 512_000000000000000_LEW_2011  |7 0  |8 A  |9 444117  |a BIBMAT  |b BIBMAT  |c E_DIDACT  |d 2019-11-22  |i 4922697  |o 512 LEW 2011  |p 4922697  |r 2025-01-07  |w 2019-11-22  |y BK  |k MAT